| 000 | 00894nam a22002657a 4500 | ||
|---|---|---|---|
| 001 | 49341 | ||
| 003 | UA-OsUOA | ||
| 005 | 20260703095709.0 | ||
| 007 | ta | ||
| 008 | 20131219b un ||||| |||| 00| 0 ukr d | ||
| 040 |
_aUA-OsUOA _bukr _cUA-OsUOA _dUA-OsUOA |
||
| 041 | _aukr | ||
| 080 | _a09:929 | ||
| 090 |
_a09:929 _bЛ80 |
||
| 100 |
_aЛотоцький О. _925790 |
||
| 245 | _aСимон Петлюра | ||
| 260 |
_c1936 _aБ. м. _bНакладом Комітету для вшанування X. річниці смерти Симона Петлюри |
||
| 300 | _a118 с. | ||
| 593 | _aРідкісне/цінне видання. | ||
| 650 | 7 |
_a09 Рукописи. Раритети і рідкісні книги _2UDC _91449 |
|
| 942 |
_cBK _2udc |
||
| 955 | _a1 | ||
| 999 |
_c429464 _d429464 |
||